000 00305nam a22001337a 4500
008 171030b xxu||||| |||| 00| 0 eng d
020 _a9780072870213
041 _aeng
080 _28 ED
_a336
100 _a56
101 _aFIN
245 _aFINANCIAL STATEMENT ANALYSIS
_cWILD.J.J
942 _2udc
_cBK
999 _c36374
_d36374